Bordeaux Wine Official Classification of 1855 - Statistics

General Stats
  • This quiz has been taken 27 times
  • The average score is 30 of 58
Answer Stats
AOP Classification Answer % Correct
Margaux Premier Cru Château Margaux
100%
Pauillac Premier Cru Château Lafite
89%
Pauillac Premier Cru Château Latour
84%
Pessac Premier Cru Château Haut Brion
79%
Pauillac Premier Cru Château Mouton Rothschild
79%
Cantenac Deuxième Cru Château Brane-Cantenac
74%
St Julien Deuxième Cru Château Leoville Las Cases
74%
St Estephe Deuxième Cru Château Montrose
74%
Margaux Troisième Cru Château Palmer
74%
Margaux Troisième Cru Château Giscours
68%
St Julien Deuxième Cru Château Leoville Poyferré
68%
St Julien Deuxième Cru Château Ducru Beaucaillou
63%
St Julien Deuxième Cru Château Leoville Barton
63%
Pauillac Cinquième Cru Château Lynch Bages
63%
Pauillac Deuxième Cru Château Pichon Longueville
63%
Pauillac Cinquième Cru Château Pontet Canet
63%
Pauillac Cinquième Cru Château Batailley
58%
St Estephe Troisième Cru Château Calon Ségur
58%
St Estephe Deuxième Cru Château Cos d’Estournel
58%
St Julien Quatrième Cru Château de Beychevelle
58%
Cantenac Troisième Cru Château Kirwan
58%
Margaux Deuxième Cru Chateau Rauzan Ségla
58%
Haut-Médoc Cinquième Cru Château de Camensac
53%
St Julien Deuxième Cru Château Gruaud Larose
53%
St Julien Quatrième Cru Château Saint Pierre
53%
St Julien Quatrième Cru Château Talbot
53%
St Julien Quatrième Cru Château Branaire Ducru
47%
Cantenac Troisième Cru Château d’Issan
47%
Pauillac Quatrième Cru Château Duhart Milon
47%
Margaux Deuxième Cru Château Durfort Viviens
47%
Pauillac Cinquième Cru Château Haut Bages Libéral
47%
Haut-Médoc Troisième Cru Château La Lagune
47%
St Julien Troisième Cru Château Langoa Barton
47%
Margaux Deuxième Cru Château Lascombes
47%
Margaux Troisième Cru Château Boyd Cantenac
42%
Margaux Cinquième Cru Château Dauzac
42%
Pauillac Cinquième Cru Château Grand Puy Lacoste
42%
Pauillac Cinquième Cru Château Lynch Moussas
42%
Margaux Troisième Cru Château Malescot Saint Exupery
42%
Margaux Quatrième Cru Château Marquis de Terme
42%
Margaux Deuxième Cru Château Rauzan Gassies
42%
Haut-Médoc Cinquième Cru Château Belgrave
37%
Pauillac Cinquième Cru Château d’Armailhac
37%
Margaux Cinquième Cru Château du Tertre
37%
Margaux Troisième Cru Château Ferrière
37%
Pauillac Cinquième Cru Château Grand Puy Ducasse
37%
St Estephe Quatrième Cru Château Lafon Rochet
37%
St Julien Troisième Cru Château Lagrange
37%
Haut-Médoc Quatrième Cru Château La Tour Carnet
37%
Margaux Quatrième Cru Château Pouget
37%
Margaux Quatrième Cru Château Prieuré Lichine
37%
Pauillac Cinquième Cru Château Clerc Milon
32%
St Estephe Cinquième Cru Château Cos Labory
32%
Pauillac Cinquième Cru Château Croizet Bages
32%
Margaux Troisième Cru Château Desmirail
32%
Margaux Troisième Cru Château Marquis d’Alesme Becker
26%
Pauillac Cinquième Cru Château Pedescleaux
26%
Margaux Troisième Cru Château Dubignon
5%
No matching quizzes found
Score Distribution
Percent of People with Each Score
Percentile by Number Answered
Your Score History
You have not taken this quiz